000 00355nam a2200133Ia 4500
008 151001s9999||||xx |||||||||||||| ||und||
100 _aबा ग जोशी
245 _aपुन्हा एकदा बंडू
250 _a1
260 _bअथर्व प्रकाशन
260 _c2009
300 _a280
365 _b18
999 _c992023
_d992020